000 00438nam a22001697a 4500
005 20180309114913.0
008 160525b xxu||||| |||| 00| 0 eng d
020 _a978-81-7446-580-1
041 _aeng
082 _b5001
_a332.6
100 _aBhat, Sudhindra
_9249
245 _aSecurity Analysis and Portfolio Management
260 _aNew Delhi
_bAcademic Faundation
_c2009
300 _a676
650 _aManagement
_9241
942 _cBK
999 _c1750
_d1749